000 03438nam a22003857a 4500
005 20101018110611.0
010 _aB-417728-741
020 _a9788131512425
_c375.00
035 _aB-417728-741
037 _bAsian Book Centre
082 _a658.1
100 _aMoorhead, Gregory
_923612
245 _aIntroduction to organizational behavior /
_cby Gregory Moorhead [and] Ricky W. Griffin
260 _aNew Delhi
_bCengage Learning India
_c2010(repr.).
270 _a418, F.OI.E. Patparganj
_bNew Delhi
_e110092
300 _a475p.
_c24cm(pbk)
500 _aIncludes index
700 _aGriffin, Ricky W.
_923613
942 _2ddc
_cEN
_mMOO
_h658.1
999 _c35785
_d35785